000 00272nam a22001337a 4500
999 _c528438
_d528438
003 NUST
038 _aMSOHAIL
082 _a0
100 _aAASHTO
_920240
245 _aElastic and Fatigue behaviour
260 _aUSA
_bAASHTO
_c1979
300 _a57,p;
942 _2ddc
_cBK